Lahore: (Record no. 330821)

000 -LEADER
fixed length control field nam a22 7a 4500
003 - CONTROL NUMBER IDENTIFIER
control field NUST
005 - DATE AND TIME OF LATEST TRANSACTION
control field 20170810102953.0
008 - FIXED-LENGTH DATA ELEMENTS--GENERAL INFORMATION
fixed length control field 170810b xxu||||| |||| 00| 0 eng d
020 ## - INTERNATIONAL STANDARD BOOK NUMBER
International Standard Book Number 9789693520187
020 ## - INTERNATIONAL STANDARD BOOK NUMBER
International Standard Book Number 9693520181
040 ## - CATALOGING SOURCE
Transcribing agency NUST
082 ## - DEWEY DECIMAL CLASSIFICATION NUMBER
Classification number 954.9143
Author Mark SHE
100 ## - MAIN ENTRY--PERSONAL NAME
Personal name Shehzad, Ghafer
9 (RLIN) 3879
245 ## - TITLE STATEMENT
Title Lahore:
Remainder of title Ghar, Ghalian, Darwazay/
Statement of responsibility, etc. by Ghafer Shehzad
260 ## - PUBLICATION, DISTRIBUTION, ETC.
Place of publication, distribution, etc. Lahore:
Name of publisher, distributor, etc. Sang-e mil publications,
Date of publication, distribution, etc. 2007
300 ## - PHYSICAL DESCRIPTION
Extent 127 p.
Other physical details ill.
504 ## - BIBLIOGRAPHY, ETC. NOTE
Bibliography, etc. note Include bibliography
650 ## - SUBJECT ADDED ENTRY--TOPICAL TERM
Topical term or geographic name entry element History-Lahore-Pakistan
9 (RLIN) 3880
880 ## - ALTERNATE GRAPHIC REPRESENTATION
Linkage 100-01\(3\r
Title غافر شہزاد
880 ## - ALTERNATE GRAPHIC REPRESENTATION
Linkage 245-02\(3\r
Title لاہور:
b گھر، گلیاں، دروازے
c غافر شہزاد
880 ## - ALTERNATE GRAPHIC REPRESENTATION
Linkage 260-03\(3\r
Title لاہور:
b سنگ میل پبلی کیشنز،
c 2007
942 ## - ADDED ENTRY ELEMENTS (KOHA)
Source of classification or shelving scheme
Koha item type Book
Holdings
Withdrawn status Lost status Source of classification or shelving scheme Damaged status Not for loan Permanent Location Current Location Shelving location Date acquired Full call number Barcode Date last seen Copy number Price effective from Koha item type
          Central Library (CL) Central Library (CL) Book Cart 08/10/2017 954.9143 SHA CL2297 04/22/2022 1 08/10/2017 Book
© 2023 Central Library, National University of Sciences and Technology. All Rights Reserved.